000 01046cam a2200265 a 4500
001 14501449
003 ARRUPE
005 20131125162059.0
008 060210s2006 ie a b 000 0 eng d
010 _a 2006462206
020 _a1856075222
035 _a(OCoLC)ocm63765481
040 _aEQO
_cEQO
_dBAKER
_dDLC
042 _alccopycat
050 0 0 _aBS1605.52
_b.H46 2006
100 1 _aHenderson, Richard,
_d1957-
_93733
245 1 4 _aThe jealousy of Jonah :
_ba Christian devotional commentary on the book of Jonah as translated in the Authorised (King James) Version of the Bible /
_cRichard Henderson.
260 _aBlackrock, Co. Dublin :
_bColumba Press,
_c2006.
300 _a85 p. :
_bill. ;
_c22 cm.
504 _aIncludes bibliographical references (p. 84-85).
630 0 0 _aBible.
_pJonah
_xCriticism, interpretation, etc.
_93734
906 _a7
_bcbc
_ccopycat
_d3
_encip
_f20
_gy-gencatlg
942 _2lcc
_cMONOGRAPH
999 _c118655
_d118655